Catálogo
 En Linea

Cronología de las poesías populares en Santo Domingo. : (Registro nro. 45119)

Detalles MARC
000 -CABECERA
campo de control de longitud fija 00414nam a2200133 a 4500
001 - NÚMERO DE CONTROL
campo de control 000045630
005 - FECHA Y HORA DE LA ÚLTIMA TRANSACCIÓN
campo de control 20250130114120.0
008 - DATOS DE LONGITUD FIJA--INFORMACIÓN GENERAL
campo de control de longitud fija 150417s19uu dr 000 0 spa d
040 ## - FUENTE DE LA CATALOGACIÓN
Centro catalogador/agencia de origen DO-SdBNP
Lengua de catalogación spa
Centro/agencia transcriptor BNPHU
100 1# - ENTRADA PRINCIPAL--NOMBRE DE PERSONA
Nombre de persona Mateo, Tirso,
9 (RLIN) 29285
245 10 - MENCIÓN DE TÍTULO
Título Cronología de las poesías populares en Santo Domingo. :
Resto del título ensayo /
Mención de responsabilidad, etc. Tirso Mateo.
260 ## - PUBLICACIÓN, DISTRIBUCIÓN, ETC.
Lugar de publicación, distribución, etc. Santo Domingo :
Nombre del editor, distribuidor, etc. [s.d.],
Fecha de publicación, distribución, etc. [s.f.].
300 ## - DESCRIPCIÓN FÍSICA
Extensión 143 p. ;
Dimensiones 21 cm.
Existencias
Estado de retiro Estado de pérdida No para préstamo Código de colección Localización permanente Ubicación/localización actual Ubicación en estantería Fecha de adquisición Número de inventario Total de préstamos Signatura topográfica completa Código de barras Fecha visto por última vez Precio válido a partir de Tipo de ítem Koha
    Excluido de préstamo Patrimonio Dominicano Patrimonio Dominicano Patrimonio Dominicano Depósito 17.04.2015 LF1   45630-10 25.06.2020 25.06.2020 Libro y Folleto Colección Patrimonio Dominicano

Con tecnología Koha